000 00972nam a2200277Ia 4500
003 OSt
005 20220930092830.0
006 a|||||r|||| 00| 0
007 ta
008 220926b |||||||| |||| 00| 0 eng d
024 _a25169
037 _cTheses
040 _aCRL
_cCRL
_beng
041 _2eng
_aeng
100 _aGoel Saurabh
_9549780
110 _aUniversity OF Delhi. Faculty OF Medical Scieces. Department OF Radiodiagnosis
_9549781
245 0 _aSonoelastography and triphasic computed tomography in the evaluation of focal liver lesions
260 _c2015
650 _aDIAGNOSIS
_9519345
700 _a Dr. A. S Puri Gu.
_9537609
700 _a Dr. Puja Sakhuja Gu.
_9538561
700 _a Dr. Veena Chowdhury Gu.
700 _aUniversity OF Delhi. Faculty OF Medical Scieces. Department OF Radiodiagnosis
_9549782
942 _cDIS
_2CC
999 _c884356
_d884356